000 00726nam a22002657a 4500
001 21969
003 UA-OsUOA
005 20201123224808.0
007 ta
008 20031215b un ||||| |||| 00| 0 ukr d
020 _a966-02-0097-8
040 _aUA-OsUOA
_bukr
_cUA-OsUOA
_dUA-OsUOA
041 _aukr
044 _aUA
080 _a011
090 _a011
_bБ60
100 _aБиковський Л.
245 _aУ службах українській книжці
_cЛ. Винар, Я. Ісаєвич
260 _aЛьвів
_c1997
300 _a328 с.
_bІлюстрації
650 7 _2UDC
942 _cBK
_2udc
955 _a0
999 _c308179
_d308179